K Zákonu o výchove a vzdelávaní

Reforma školstva na Slovensku. Tvorba zákona o výchove a vzdelávaní. Pozitívne a negatívne stránky tohto zákona. Vzdelanie ako najväčšie bohatstvo. Finančné náklady na zmeny.

Gespeichert in:
Bibliographische Detailangaben
1. Verfasser: Turek, Ivan
Format: Buchkapitel
Sprache:Slowakisch
Schlagworte:
Tags: Tag hinzufügen
Keine Tags, Fügen Sie das erste Tag hinzu!

MARC

LEADER 00000naa$a2200000$$$4500
001 0080770
005 20231127101350.6
041 0 |a slo 
044 |a SK 
245 1 0 |a K Zákonu o výchove a vzdelávaní  |c Ivan Turek 
520 |a Reforma školstva na Slovensku. Tvorba zákona o výchove a vzdelávaní. Pozitívne a negatívne stránky tohto zákona. Vzdelanie ako najväčšie bohatstvo. Finančné náklady na zmeny. 
610 2 0 |a legislatíva 
610 2 0 |a učitelia 
610 2 0 |a výchova 
610 2 0 |a vzdelávanie 
610 2 0 |a reformy školské 
100 1 |a Turek, Ivan